[Event "25th European Teams"]
[Site "Batumi GEO"]
[Date "2025.10.07"]
[Round "3.19"]
[Board "4"]
[White "Morrison, Chris"]
[Black "Safarov, Deniel"]
[Result "0-1"]
[BlackTitle "FM"]
[WhiteElo "2174"]
[BlackElo "2280"]
[WhiteTeam "Scotland"]
[BlackTeam "Georgia 3"]
[WhiteFideId "2400235"]
[BlackFideId "13619802"]
[EventDate "2025.10.05"]

1. e4 g6 2. d4 Bg7 3. Nc3 d6 4. Be3 a6 5. Qd2 b5 6. a4 b4 7. Nd1 Bb7 8. f3 a5 9.
Nh3 Nd7 10. Nhf2 Ngf6 11. Be2 e5 12. c3 bxc3 13. bxc3 O-O 14. O-O Ba6 15. Bxa6
Rxa6 16. Nb2 Qe7 17. Nc4 exd4 18. Bxd4 Qe6 19. Qd3 Raa8 20. Rad1 Rfe8 21. Rfe1
d5 22. Nd2 c5 23. Bxf6 Nxf6 24. exd5 Qxe1+ 25. Rxe1 Rxe1+ 26. Nf1 Rb8 27. Nd1 c4
28. Qd2 Rbe8 29. Kf2 R1e5 30. Nde3 Bh6 31. Qd4 Rxe3 32. Qxf6 Re1 33. d6 Bg7 34.
Qg5 R8e2+ 35. Kg3 Be5+ 36. f4 Bxd6 37. Qd8+ Bf8 38. Nd2 Rd1 39. Qxa5 Rdxd2 40.
Qb5 Rd3+ 0-1

[Event "25th European Teams"]
[Site "Batumi GEO"]
[Date "2025.10.07"]
[Round "3.20"]
[Board "1"]
[White "Nemeth, Zalan"]
[Black "Nielsen, Hogni Egilstoft"]
[Result "1/2-1/2"]
[WhiteTitle "FM"]
[BlackTitle "IM"]
[WhiteElo "2212"]
[BlackElo "2389"]
[WhiteTeam "Ireland"]
[BlackTeam "Faroe Islands"]
[WhiteFideId "2512041"]
[BlackFideId "7200404"]
[EventDate "2025.10.05"]

1. d4 Nf6 2. c4 e6 3. g3 c5 4. d5 exd5 5. cxd5 d6 6. Nc3 g6 7. Bg2 Bg7 8. Nf3
O-O 9. O-O Re8 10. Bf4 a6 11. a4 Ne4 12. Ra3 h6 13. a5 g5 14. Be3 Nxc3 15. bxc3
Nd7 16. c4 Rb8 17. h4 g4 18. Nd2 Ne5 19. Qc2 b5 20. axb6 Rxb6 21. Rb1 a5 22.
Rxb6 Qxb6 23. Qa4 Bd7 24. Qxa5 Qb2 25. Qa7 Bf5 26. Kh2 Rb8 27. Ra2 Qb4 28. Ra4
Qb6 29. Qxb6 Rxb6 30. Be4 Bxe4 31. Nxe4 f5 32. Nd2 Rb4 33. Rxb4 cxb4 34. c5 dxc5
35. Bxc5 Bf8 36. d6 Nf7 37. Bxb4 Bxd6 38. Bc3 Be5 39. Bb4 Bd6 40. Bc3 Be5 41.
Bxe5 Nxe5 42. Kg2 Kf7 43. Nb3 Kf6 44. Nc5 Nc4 45. Nd3 Nd2 46. f3 gxf3+ 47. exf3
Nc4 48. Kf2 Ke6 49. Ke2 Kf6 50. Nf4 Ne5 51. Ke3 Nc4+ 52. Ke2 Ne5 53. Nd5+ Ke6
54. Nb6 Ng6 55. Nc4 Ne7 56. Ke3 Nd5+ 57. Kd4 Nf6 58. Ke3 Nd5+ 59. Ke2 Nf6 60.
Kf2 Nd5 61. Nb2 Ke5 62. Nc4+ Ke6 63. Ne3 Nc3 64. Ke1 Nb5 65. Nc2 Nd6 66. Ke2 Ke5
67. Kd3 Kd5 68. Ne3+ Ke6 69. Nc2 Ke5 70. Na3 Kd5 71. Nc2 Ke5 72. Nd4 Nb7 73. Ke3
Nc5 74. Nc6+ Kf6 75. Nb4 Nb3 76. Nd3 Ke6 77. Nf4+ Kf6 78. Nd5+ Ke6 79. Nc7+ Ke5
80. Nb5 Nc5 81. Nd4 Kf6 82. Nc6 Ke6 83. f4 Kf6 84. Nd4 Na4 85. h5 Nc3 86. Kf3
Nd5 87. Ne2 Ke6 88. Nd4+ Kf6 89. g4 fxg4+ 90. Kxg4 Ne3+ 91. Kf3 Nd5 92. Nc2 Ke6
93. Nd4+ Kf6 94. Kg3 Ne3 95. Ne2 Nd5 96. Kf3 Ke6 97. Ng3 Nf6 98. Ke3 Nd5+ 99.
Kd4 Nxf4 1/2-1/2

[Event "25th European Teams"]
[Site "Batumi GEO"]
[Date "2025.10.07"]
[Round "3.20"]
[Board "2"]
[White "Apol, Luitjen Akselsson"]
[Black "Melaugh, Shane"]
[Result "0-1"]
[WhiteTitle "FM"]
[BlackTitle "CM"]
[WhiteElo "2318"]
[BlackElo "2192"]
[WhiteTeam "Faroe Islands"]
[BlackTeam "Ireland"]
[WhiteFideId "7202466"]
[BlackFideId "2509580"]
[EventDate "2025.10.05"]

1. e4 c5 2. Nf3 e6 3. g3 Nc6 4. Bg2 Nf6 5. Qe2 e5 6. O-O g6 7. c3 Bg7 8. Na3 O-O
9. d3 d6 10. Nc2 Re8 11. a3 Be6 12. Ng5 Bg4 13. f3 Bc8 14. f4 exf4 15. gxf4 h6
16. Nf3 c4 17. Nfd4 Bg4 18. Qe3 cxd3 19. Qxd3 Nxd4 20. Nxd4 Qe7 21. Re1 a6 22.
Bd2 Qc7 23. Qg3 Bh5 24. e5 Nd7 25. e6 Bxd4+ 26. cxd4 fxe6 27. Rxe6 Rxe6 28. Bd5
Nf8 29. f5 Qc2 30. Bxh6 Qxf5 31. Qb3 Kh7 32. Qxb7+ Kxh6 33. Bxe6 Qg5+ 34. Kh1
Re8 35. Bd5 Qf6 36. Bg2 Qf2 37. Rf1 Re1 38. Qxa6 Be2 0-1

[Event "25th European Teams"]
[Site "Batumi GEO"]
[Date "2025.10.07"]
[Round "3.20"]
[Board "3"]
[White "Tureshbayev, Anuar"]
[Black "Egilstoft, Rogvi"]
[Result "1-0"]
[WhiteTitle "CM"]
[BlackTitle "FM"]
[WhiteElo "2285"]
[BlackElo "2304"]
[WhiteTeam "Ireland"]
[BlackTeam "Faroe Islands"]
[WhiteFideId "651081709"]
[BlackFideId "7200447"]
[EventDate "2025.10.05"]

1. e4 e5 2. Nf3 Nc6 3. d4 exd4 4. Nxd4 Nf6 5. Nxc6 bxc6 6. Bd3 d5 7. exd5 cxd5
8. O-O Be7 9. c4 c6 10. Nc3 O-O 11. cxd5 cxd5 12. Be3 a5 13. h3 Ba6 14. Bxa6
Rxa6 15. Qd3 Qa8 16. Bd4 Rd8 17. Rfd1 Ne4 18. Nxd5 Rxd5 19. Qxe4 Qd8 20. Rac1
Rad6 21. Rc4 Bf6 22. Re1 Re6 23. Bxf6 Qxf6 24. Qxd5 Rxe1+ 25. Kh2 h6 26. Rc2
Qf4+ 27. g3 Qe4 28. Qxe4 Rxe4 29. Kg2 Rd4 30. Kf3 a4 31. a3 Rd3+ 32. Ke2 Rb3 33.
h4 h5 34. Kd2 Kh7 35. Kc1 Rf3 36. Rc4 Rxf2 37. g4 hxg4 38. Rxg4 f5 39. Rxa4 Re2
40. Rf4 g6 41. b4 Ra2 42. Rf3 Rh2 43. b5 Rxh4 44. b6 Kg7 45. b7 Rh8 46. Rb3 Rb8
47. a4 f4 48. Kd2 g5 49. a5 g4 50. a6 Rd8+ 51. Rd3 1-0

[Event "25th European Teams"]
[Site "Batumi GEO"]
[Date "2025.10.07"]
[Round "3.20"]
[Board "4"]
[White "Poulsen, Martin"]
[Black "O'Gorman, Alice"]
[Result "1-0"]
[WhiteTitle "FM"]
[WhiteElo "2276"]
[BlackElo "1960"]
[WhiteTeam "Faroe Islands"]
[BlackTeam "Ireland"]
[WhiteFideId "7200315"]
[BlackFideId "2508214"]
[EventDate "2025.10.05"]

1. b3 d5 2. Bb2 Bg4 3. h3 Bh5 4. Nf3 Bxf3 5. gxf3 Nf6 6. e3 Nc6 7. d4 e6 8. Rg1
Qd7 9. c4 O-O-O 10. c5 Ne8 11. f4 f6 12. b4 Nxb4 13. Bc3 Nc6 14. Be2 Kb8 15. Na3
e5 16. Rb1 exd4 17. Qb3 b6 18. exd4 f5 19. Nb5 Nf6 20. Nxa7 Bxc5 21. Nxc6+ Qxc6
22. dxc5 Qxc5 23. Be5 Ne4 24. Qxb6+ Qxb6 25. Rxb6+ Ka7 26. Ra6+ Kb7 27. Rxg7 Rc8
28. Ra5 Kc6 29. Ra6+ Kb7 30. Ra3 Rhg8 31. Rb3+ Ka8 32. Rxg8 Rxg8 33. Bxc7 Rg6
34. Be5 Rc6 35. Bd3 Rc1+ 36. Ke2 Nc5 37. Rc3 Nxd3 38. Kxd3 Rd1+ 39. Ke2 Rh1 40.
Rc8+ Kb7 41. Rc7+ Kb6 42. Rxh7 Kc5 43. Rc7+ Kb6 44. Rc3 Kb5 45. a3 Rh2 46. Kf1
Rh1+ 47. Kg2 Rd1 48. h4 d4 49. Rb3+ Kc4 50. Rb4+ Kc5 51. Rxd4 1-0

[Event "25th European Teams"]
[Site "Batumi GEO"]
[Date "2025.10.08"]
[Round "4.1"]
[Board "1"]
[White "Theodorou, Nikolas"]
[Black "Predke, Alexandr"]
[Result "1-0"]
[WhiteTitle "GM"]
[BlackTitle "GM"]
[WhiteElo "2652"]
[BlackElo "2634"]
[WhiteTeam "Greece"]
[BlackTeam "Serbia"]
[WhiteFideId "4262875"]
[BlackFideId "24107581"]
[EventDate "2025.10.05"]

1. e4 e5 2. Nc3 Nf6 3. Bc4 Bc5 4. d3 c6 5. Nf3 d6 6. O-O O-O 7. Bg5 h6 8. Bh4
Nbd7 9. a3 a5 10. Ba2 Re8 11. d4 exd4 12. Nxd4 Ne5 13. f3 a4 14. Kh1 Ng6 15. Bf2
Nh5 16. Qd2 Qf6 17. Rad1 Nhf4 18. Be3 Qe5 19. Rfe1 Bd7 20. g3 Nh3 21. Qg2 d5 22.
Re2 Qf6 23. Qf1 Ne5 24. exd5 Nxf3 25. Ne6 Bxe3 26. Ne4 Qxb2 27. c3 Nd2 28. Nf6+
Kh8 29. Qf5 g6 30. Qe5 Nf3 31. Qxe3 1-0

[Event "25th European Teams"]
[Site "Batumi GEO"]
[Date "2025.10.08"]
[Round "4.1"]
[Board "2"]
[White "Sarana, Alexey"]
[Black "Kourkoulos-Arditis, Stamatis"]
[Result "1/2-1/2"]
[WhiteTitle "GM"]
[BlackTitle "GM"]
[WhiteElo "2661"]
[BlackElo "2583"]
[WhiteTeam "Serbia"]
[BlackTeam "Greece"]
[WhiteFideId "24133795"]
[BlackFideId "4221990"]
[EventDate "2025.10.05"]

1. d4 Nf6 2. c4 e6 3. Nc3 Bb4 4. Nf3 O-O 5. e3 d5 6. a3 Bxc3+ 7. bxc3 c5 8. Qc2
Nc6 9. dxc5 Qa5 10. a4 Rd8 11. cxd5 Nxd5 12. Bb2 Qxc5 13. Be2 h6 14. O-O e5 15.
Rfc1 Be6 16. Ba3 Qa5 17. Rab1 Nb6 18. Rb5 Qxa4 19. Qxa4 Nxa4 20. Rxb7 Nb6 21.
Bc5 Nc4 22. Ra1 a5 23. Kf1 Rdb8 24. Rc7 Rc8 25. Rxc8+ Rxc8 26. Ke1 Rb8 27. Nd2
Nxd2 28. Kxd2 Rb2+ 29. Ke1 Rb3 30. Rc1 e4 31. Bd6 Rb2 32. Ra1 Rb3 33. c4 Rb2 34.
Ba3 Rb3 35. Bd6 Rb2 36. Ba3 Rb3 37. Bc1 Ne5 38. c5 Bc4 39. Bxc4 Nxc4 40. Ra4 Rc3
41. Bd2 Nxd2 42. Kxd2 Rxc5 43. Rxe4 g5 44. g4 Kg7 45. h3 Rb5 46. Ra4 Rb2+ 47.
Ke1 Rb5 48. Ke2 Kf6 49. Kd3 Rb2 50. f3 Rh2 51. Rxa5 1/2-1/2

[Event "25th European Teams"]
[Site "Batumi GEO"]
[Date "2025.10.08"]
[Round "4.1"]
[Board "3"]
[White "Papaioannou, Ioannis"]
[Black "Indjic, Aleksandar"]
[Result "0-1"]
[WhiteTitle "GM"]
[BlackTitle "GM"]
[WhiteElo "2623"]
[BlackElo "2618"]
[WhiteTeam "Greece"]
[BlackTeam "Serbia"]
[WhiteFideId "4201345"]
[BlackFideId "911925"]
[EventDate "2025.10.05"]

1. e4 e5 2. Nf3 Nc6 3. Bb5 a6 4. Ba4 Nf6 5. d3 d6 6. c3 Be7 7. O-O O-O 8. Re1 b5
9. Bc2 Bb7 10. Nbd2 Re8 11. Nf1 Bf8 12. Bg5 h6 13. Bh4 Nb8 14. Ne3 Nbd7 15. b4
c6 16. a4 Qc7 17. Bb3 d5 18. Nd2 g6 19. Qf3 Qd6 20. h3 Bg7 21. Bg3 d4 22. cxd4
Qxd4 23. Nc2 Qd6 24. d4 Qe7 25. Rad1 Rac8 26. axb5 cxb5 27. d5 Qd6 28. Re3 Nh5
29. Bh2 Nf4 30. Kh1 Rc7 31. Rc3 Rec8 32. Rxc7 Rxc7 33. Qe3 Nb6 34. Nf3 g5 35.
Bxf4 gxf4 36. Qe2 Bc8 37. Nfe1 Nd7 38. Nd3 Rc3 39. Rb1 Qg6 40. Nce1 Nf6 41. f3
Nh5 42. Qb2 Ng3+ 43. Kh2 Bxh3 44. Nf2 Bd7 45. Qxc3 Ne2 0-1

[Event "25th European Teams"]
[Site "Batumi GEO"]
[Date "2025.10.08"]
[Round "4.1"]
[Board "4"]
[White "Ivic, Velimir"]
[Black "Pavlidis, Antonios"]
[Result "1-0"]
[WhiteTitle "GM"]
[BlackTitle "GM"]
[WhiteElo "2628"]
[BlackElo "2579"]
[WhiteTeam "Serbia"]
[BlackTeam "Greece"]
[WhiteFideId "950122"]
[BlackFideId "4212312"]
[EventDate "2025.10.05"]

1. e4 e5 2. Nf3 Nc6 3. Bc4 Nf6 4. d3 Be7 5. O-O O-O 6. Re1 d6 7. a3 a5 8. h3 Be6
9. b3 Nd4 10. Nxd4 exd4 11. Bb2 c5 12. Bxe6 fxe6 13. a4 Qe8 14. Nd2 Nh5 15. g3
Qg6 16. Qg4 Qxg4 17. hxg4 Nf6 18. f3 Nd7 19. Kg2 Ne5 20. Rf1 d5 21. Rae1 Bd6 22.
g5 Rac8 23. Re2 Bb8 24. Ba3 Rfd8 25. exd5 exd5 26. Rfe1 Ng6 27. Rf2 Ne5 28. Rfe2
Ng6 29. Rf2 Ne5 30. Kh3 Nf7 31. f4 Bd6 32. Nf3 Bf8 33. Rfe2 Nd6 34. Re5 Nf7 35.
R5e2 Nd6 36. Re5 Nf7 37. Re6 Nd6 38. g4 g6 39. R6e5 Nf7 40. Re6 Nd6 41. Bc1 Bg7
42. Bd2 b6 43. Nh4 Bf8 44. f5 Rc7 45. fxg6 hxg6 46. Nxg6 Bg7 47. Ne7+ Kh7 48.
Bf4 Rcd7 49. g6+ 1-0

[Event "25th European Teams"]
[Site "Batumi GEO"]
[Date "2025.10.08"]
[Round "4.2"]
[Board "1"]
[White "Mamedyarov, Shakhriyar"]
[Black "Giri, Anish"]
[Result "1/2-1/2"]
[WhiteTitle "GM"]
[BlackTitle "GM"]
[WhiteElo "2742"]
[BlackElo "2759"]
[WhiteTeam "Azerbaijan"]
[BlackTeam "Netherlands"]
[WhiteFideId "13401319"]
[BlackFideId "24116068"]
[EventDate "2025.10.05"]

1. c4 c6 2. Nf3 d5 3. d4 Nf6 4. e3 Bg4 5. h3 Bh5 6. Nbd2 Nbd7 7. Be2 e6 8. O-O
Bd6 9. b3 Ne4 10. Bb2 f5 11. Ne5 Bxe2 12. Qxe2 O-O 13. a4 Nxe5 14. dxe5 Bb4 15.
Nf3 Qe7 16. Nd4 Rad8 17. Rad1 c5 18. Nf3 dxc4 19. Qxc4 a6 20. Qc2 h6 21. Rxd8
Rxd8 22. Rd1 Rd7 23. g4 g6 24. h4 h5 25. gxf5 gxf5 26. Rxd7 Qxd7 27. Ng5 Nxg5
28. hxg5 Kf7 29. Bc3 Bxc3 30. Qxc3 Qd1+ 31. Kg2 Qg4+ 32. Kf1 Qd1+ 33. Kg2 Qd5+
34. f3 Kg6 35. a5 Kxg5 36. Qc4 Kg6 37. Qh4 Qxe5 38. Qe7 h4 39. f4 Qf6 40. Qxb7
Qb2+ 41. Kh3 Qa1 42. Kh2 Qe1 43. Qxa6 Qg3+ 44. Kh1 Qh3+ 45. Kg1 Qxe3+ 46. Kh1
Qe1+ 47. Kg2 Qg3+ 48. Kh1 Qe1+ 49. Kg2 Kh5 50. Qd3 Kg6 51. a6 Qa1 52. Qe2 Kf7
53. Qb5 Qb2+ 54. Kh3 Qc3+ 55. Kxh4 Qe1+ 56. Kh3 Qe3+ 57. Kg2 Qd2+ 58. Kf3 Qd1+
59. Kf2 Qd2+ 1/2-1/2

[Event "25th European Teams"]
[Site "Batumi GEO"]
[Date "2025.10.08"]
[Round "4.2"]
[Board "2"]
[White "Van Foreest, Jorden"]
[Black "Safarli, Eltaj"]
[Result "1/2-1/2"]
[WhiteTitle "GM"]
[BlackTitle "GM"]
[WhiteElo "2697"]
[BlackElo "2630"]
[WhiteTeam "Netherlands"]
[BlackTeam "Azerbaijan"]
[WhiteFideId "1039784"]
[BlackFideId "13402129"]
[EventDate "2025.10.05"]

1. c4 e6 2. Nc3 d5 3. d4 dxc4 4. e4 c5 5. d5 exd5 6. Nxd5 Nf6 7. Bxc4 Nxd5 8.
Bxd5 Be7 9. Ne2 O-O 10. O-O Nc6 11. Be3 Nb4 12. Bb3 b6 13. a3 Qxd1 14. Rfxd1 Nc6
15. Bd5 Bb7 16. f4 Rfd8 17. Kf2 Kf8 18. Nc3 Rd7 19. Rd2 Rad8 20. Rad1 Na5 21.
Bxb7 Rxd2+ 22. Bxd2 Nxb7 23. Ke2 Nd6 24. Bc1 f6 25. g4 Kf7 26. h4 b5 27. Kf3 b4
28. axb4 cxb4 29. Nd5 Nc4 30. b3 Nb6 31. Be3 Nxd5 32. exd5 a6 33. Ke4 g6 34. f5
Bd6 35. fxg6+ hxg6 36. h5 f5+ 37. gxf5 gxh5 38. Bf4 Bxf4 39. Kxf4 Kf6 40. d6 h4
41. Rd3 h3 42. Rxh3 Rxd6 43. Ke4 Rd1 44. Rh6+ Kf7 45. Rxa6 Rb1 46. Ke5 Rxb3 47.
Ra7+ Kf8 48. Kf6 Ra3 49. Rf7+ Kg8 50. Rb7 Ra6+ 51. Ke7 Kg7 1/2-1/2

[Event "25th European Teams"]
[Site "Batumi GEO"]
[Date "2025.10.08"]
[Round "4.2"]
[Board "3"]
[White "Suleymanli, Aydin"]
[Black "Warmerdam, Max"]
[Result "1/2-1/2"]
[WhiteTitle "GM"]
[BlackTitle "GM"]
[WhiteElo "2614"]
[BlackElo "2582"]
[WhiteTeam "Azerbaijan"]
[BlackTeam "Netherlands"]
[WhiteFideId "13413937"]
[BlackFideId "1048104"]
[EventDate "2025.10.05"]

1. c4 e6 2. Nf3 d5 3. e3 Nf6 4. Nc3 Bd6 5. b3 O-O 6. Bb2 a6 7. d4 b6 8. cxd5
exd5 9. g3 Bb7 10. Bg2 Nbd7 11. O-O Re8 12. Rc1 Rc8 13. Rc2 Ne4 14. Nxe4 dxe4
15. Ne5 Bd5 16. f4 exf3 17. Bxf3 Bxf3 18. Qxf3 Nf6 19. Nxf7 Kxf7 20. e4 Kg8 21.
e5 Be7 22. exf6 Bxf6 23. d5 Bxb2 24. Rxb2 Rf8 25. Qe4 Rxf1+ 26. Kxf1 Qd7 27. Re2
Rd8 28. Qe6+ Qxe6 29. dxe6 Re8 30. Kg2 Kf8 31. Rf2+ Kg8 32. Re2 Kf8 33. Rf2+ Kg8 1/2-1/2

[Event "25th European Teams"]
[Site "Batumi GEO"]
[Date "2025.10.08"]
[Round "4.2"]
[Board "4"]
[White "L'Ami, Erwin"]
[Black "Muradli, Mahammad"]
[Result "1/2-1/2"]
[WhiteTitle "GM"]
[BlackTitle "GM"]
[WhiteElo "2615"]
[BlackElo "2584"]
[WhiteTeam "Netherlands"]
[BlackTeam "Azerbaijan"]
[WhiteFideId "1007998"]
[BlackFideId "13409301"]
[EventDate "2025.10.05"]

1. e4 c5 2. Nf3 d6 3. Bb5+ Bd7 4. Bxd7+ Nxd7 5. O-O e6 6. Qe2 Be7 7. d4 cxd4 8.
Nxd4 a6 9. b3 Bf6 10. Bb2 Ne7 11. c4 O-O 12. Rd1 Qb6 13. Nf3 Bxb2 14. Qxb2 Rfd8
15. Nc3 Ne5 16. Qe2 Qa5 17. Rac1 Nxf3+ 18. Qxf3 b5 19. Qd3 bxc4 20. Qxc4 h5 21.
Qa4 Qg5 22. Ne2 a5 23. Qd4 d5 24. exd5 Nxd5 25. Qd2 Qe5 26. Nd4 Nf4 27. Qe3 Qf6
28. g3 Nd5 29. Qf3 Qxf3 30. Nxf3 a4 31. Rc4 axb3 32. axb3 Ra2 33. Ng5 Rb8 34.
Rdc1 Raa8 35. Ra4 Kf8 36. Rca1 Rxa4 37. bxa4 Ke7 38. a5 f6 39. Ne4 Ra8 40. f4
Ra7 41. Kg2 h4 42. Kf3 hxg3 43. hxg3 Nb4 44. Nc5 f5 45. Re1 Rxa5 46. Rxe6+ Kf7
47. Rb6 Rxc5 48. Rxb4 1/2-1/2

[Event "25th European Teams"]
[Site "Batumi GEO"]
[Date "2025.10.08"]
[Round "4.3"]
[Board "1"]
[White "Ponomariov, Ruslan"]
[Black "Keymer, Vincent"]
[Result "1/2-1/2"]
[WhiteTitle "GM"]
[BlackTitle "GM"]
[WhiteElo "2633"]
[BlackElo "2755"]
[WhiteTeam "Ukraine"]
[BlackTeam "Germany"]
[WhiteFideId "14103320"]
[BlackFideId "12940690"]
[EventDate "2025.10.05"]

1. e4 e5 2. Nf3 Nc6 3. Nc3 Nf6 4. Bb5 Bd6 5. d3 O-O 6. O-O h6 7. a3 a6 8. Ba4
Re8 9. Be3 Bf8 10. Bb3 d6 11. h3 Be6 12. Bxe6 fxe6 13. Ne2 Ne7 14. Ng3 Ng6 15.
d4 exd4 16. Qxd4 Nd7 17. Rad1 Qf6 18. Qc4 c6 19. Qb3 b5 20. c4 Rac8 21. Qc2 bxc4
22. Bd4 Qf7 23. Qxc4 e5 24. Qxf7+ Kxf7 25. Bc3 Nf4 26. Rfe1 g6 27. Nf1 Nc5 28.
N1d2 Na4 29. Nc4 Nxc3 30. bxc3 Ke6 31. g3 Nxh3+ 32. Kg2 Ng5 33. Nh4 Nf7 34. Nxg6
Bg7 35. f4 Rcd8 36. Rf1 exf4 37. Nxf4+ Ke7 38. Ng6+ Ke6 39. Nf4+ Ke7 40. Ng6+ 1/2-1/2

[Event "25th European Teams"]
[Site "Batumi GEO"]
[Date "2025.10.08"]
[Round "4.3"]
[Board "3"]
[White "Korobov, Anton"]
[Black "Kollars, Dmitrij"]
[Result "1/2-1/2"]
[WhiteTitle "GM"]
[BlackTitle "GM"]
[WhiteElo "2596"]
[BlackElo "2642"]
[WhiteTeam "Ukraine"]
[BlackTeam "Germany"]
[WhiteFideId "14105730"]
[BlackFideId "12909572"]
[EventDate "2025.10.05"]

1. d4 Nf6 2. c4 e6 3. Nf3 d5 4. Nc3 Be7 5. Bg5 h6 6. Bh4 dxc4 7. e3 c5 8. Bxc4
cxd4 9. Nxd4 O-O 10. O-O Bd7 11. Qe2 Nc6 12. Nf3 Nh5 13. Bxe7 Qxe7 14. a3 Rfd8
15. e4 Nf4 16. Qe3 Ng6 17. Ba2 Be8 18. Rad1 Rxd1 19. Rxd1 Rd8 20. Rxd8 Qxd8 21.
h3 b6 22. Nd2 Qd4 23. Qxd4 Nxd4 24. g3 Kf8 25. f3 Nb5 26. Nxb5 Bxb5 27. Kf2 e5
28. Ke3 Ke7 29. Nb1 f6 30. Nc3 Bd7 31. h4 Kd6 32. Bc4 Ne7 33. b4 a5 34. Nd5
Nxd5+ 35. Bxd5 g5 36. hxg5 fxg5 37. g4 Be8 38. Kf2 Ba4 39. Ke3 Bd1 40. Kf2 Kc7
41. Ke3 Ba4 42. Kd2 Be8 43. Ke3 Kd6 44. Kd2 Ke7 45. Ke3 Kf6 46. Kf2 Ke7 47. Ke3
Kd6 48. Kd2 Bb5 49. Ke3 Be8 50. Kd2 Bb5 51. Ke3 Be8 1/2-1/2

[Event "25th European Teams"]
[Site "Batumi GEO"]
[Date "2025.10.08"]
[Round "4.3"]
[Board "4"]
[White "Svane, Frederik"]
[Black "Samunenkov, Ihor"]
[Result "1/2-1/2"]
[WhiteTitle "GM"]
[BlackTitle "GM"]
[WhiteElo "2638"]
[BlackElo "2568"]
[WhiteTeam "Germany"]
[BlackTeam "Ukraine"]
[WhiteFideId "12923044"]
[BlackFideId "14187086"]
[EventDate "2025.10.05"]

1. c4 c6 2. d4 d5 3. Nf3 Nf6 4. e3 e6 5. Bd3 Nbd7 6. O-O Bd6 7. Qc2 O-O 8. b3 e5
9. cxd5 cxd5 10. dxe5 Nxe5 11. Nxe5 Bxe5 12. Bb2 Qd6 13. Bxe5 Qxe5 14. Qc3 Qg5
15. Re1 Ne4 16. Qd4 Bf5 17. f3 Nf6 18. Bf1 Bxb1 19. Raxb1 Rfe8 20. Rbc1 Re7 21.
Rc3 a6 22. Kf2 h5 23. h4 Qf5 24. Bd3 Qe6 25. Bb1 Rae8 26. Rd1 g6 27. b4 Kg7 28.
Bc2 Qd6 29. Bb3 Kh7 30. Rd2 Re5 31. a3 Rf5 32. Bc2 Rfe5 33. Bb1 Qe7 34. Rd1 Qd6
35. Bc2 R8e7 36. Kg1 Qe6 37. Rdd3 Qd6 38. Qf4 Qb6 39. Rd4 Ne8 40. Kf2 Nd6 41.
Rc5 Nf5 42. Bxf5 Rxf5 43. Qg3 Qf6 44. Rcxd5 Rxd5 45. Rxd5 Qb2+ 46. Kg1 Qxa3 47.
Qf4 Qxe3+ 48. Qxe3 Rxe3 49. Rd7 Kg7 50. Rxb7 Ra3 51. Rb6 a5 52. bxa5 1/2-1/2

[Event "25th European Teams"]
[Site "Batumi GEO"]
[Date "2025.10.08"]
[Round "4.4"]
[Board "1"]
[White "Nguyen, Thai Dai Van"]
[Black "Rapport, Richard"]
[Result "1/2-1/2"]
[WhiteTitle "GM"]
[BlackTitle "GM"]
[WhiteElo "2664"]
[BlackElo "2724"]
[WhiteTeam "Czech Republic"]
[BlackTeam "Hungary"]
[WhiteFideId "358878"]
[BlackFideId "738590"]
[EventDate "2025.10.05"]

1. e4 c5 2. Nf3 e6 3. d4 cxd4 4. Nxd4 Nc6 5. Nc3 Qc7 6. Be3 a6 7. a3 Nxd4 8.
Qxd4 b5 9. O-O-O Bb7 10. Kb1 Nf6 11. f3 Rc8 12. Qb6 Qxb6 13. Bxb6 Bc5 14. Bxc5
Rxc5 15. a4 b4 16. Na2 a5 17. Nc1 Ke7 18. Nb3 Re5 19. Bb5 Ra8 20. Rd4 Ba6 21.
Bd3 Bb7 22. Bb5 Ba6 23. Bxa6 Rxa6 24. h4 g5 25. Nc1 gxh4 26. Rxh4 h5 27. Rd2 Rg5
28. Nd3 Rd6 29. Kc1 Rd4 30. Rh2 d6 31. b3 1/2-1/2

[Event "25th European Teams"]
[Site "Batumi GEO"]
[Date "2025.10.08"]
[Round "4.4"]
[Board "2"]
[White "Leko, Peter"]
[Black "Navara, David"]
[Result "1/2-1/2"]
[WhiteTitle "GM"]
[BlackTitle "GM"]
[WhiteElo "2666"]
[BlackElo "2656"]
[WhiteTeam "Hungary"]
[BlackTeam "Czech Republic"]
[WhiteFideId "703303"]
[BlackFideId "309095"]
[EventDate "2025.10.05"]

1. e4 c5 2. Nf3 d6 3. d4 cxd4 4. Nxd4 Nf6 5. Nc3 a6 6. Be3 e5 7. Nf3 Qc7 8. a4
Be7 9. Be2 O-O 10. O-O Be6 11. Ng5 Bd7 12. a5 h6 13. Nf3 Be6 14. Nd5 Nxd5 15.
exd5 Bf5 16. c4 Nd7 17. b4 Bh7 18. Rc1 Rac8 19. Qb3 Kh8 20. Nd2 f5 21. f3 Bg5
22. Kh1 Bxe3 23. Qxe3 Nf6 24. Nb1 f4 25. Qd2 b6 26. axb6 Qxb6 27. Na3 e4 28. Nc2
Rb8 29. Nd4 e3 30. Qd1 Qxb4 31. Nc6 Qc5 32. Nxb8 Rxb8 33. Bd3 Rb2 34. Rc2 Bxd3
35. Qxd3 Rxc2 36. Qxc2 Nxd5 37. Qf5 e2 38. Qf8+ Kh7 39. Qf5+ Kh8 40. Qf8+ Kh7
41. Qf5+ Kh8 1/2-1/2

[Event "25th European Teams"]
[Site "Batumi GEO"]
[Date "2025.10.08"]
[Round "4.4"]
[Board "3"]
[White "Finek, Vaclav"]
[Black "Sjugirov, Sanan"]
[Result "1/2-1/2"]
[WhiteTitle "IM"]
[BlackTitle "GM"]
[WhiteElo "2518"]
[BlackElo "2632"]
[WhiteTeam "Czech Republic"]
[BlackTeam "Hungary"]
[WhiteFideId "23718293"]
[BlackFideId "4189302"]
[EventDate "2025.10.05"]

1. c4 c5 2. Nf3 Nc6 3. g3 g6 4. Bg2 Bg7 5. Nc3 d6 6. d3 Bf5 7. Bd2 Nf6 8. Rb1
Qc8 9. O-O Bh3 10. a3 h5 11. Bxh3 Qxh3 12. Ng5 Qd7 13. h4 O-O 14. b4 b6 15. Qa4
Rfd8 16. Rfc1 Rac8 17. Qd1 cxb4 18. axb4 d5 19. cxd5 Nxd5 20. Nxd5 Qxd5 21. Be3
Bd4 22. Bf4 Be5 23. Be3 Bd4 24. Bf4 Be5 25. Be3 Bd6 26. b5 Ne5 27. Ne4 Ng4 28.
Bg5 f6 29. Bd2 Rxc1 30. Qxc1 Be5 31. Be1 Kf7 32. Rb4 Rd7 33. Qc4 Qxc4 34. Rxc4
Rd5 35. Bd2 Bb2 36. Rc7 Ke8 37. Bb4 Rd7 38. Rc8+ Rd8 39. Rc7 Rd7 40. Rc8+ Kf7
41. Kg2 Nh6 42. Bc3 Bxc3 43. Rxc3 Nf5 44. e3 Nd6 45. Nxd6+ Rxd6 46. d4 Rd5 47.
Rc7 Rxb5 48. Rxa7 Ke6 49. Kf3 Rb2 50. Rb7 b5 51. e4 1/2-1/2